| 000 | 00776nam a2200277Ia 4500 | ||
|---|---|---|---|
| 003 | OSt | ||
| 005 | 20221006144415.0 | ||
| 006 | a|||||r|||| 00| 0 | ||
| 007 | ta | ||
| 008 | 221006b |||||||| |||| 00| 0 eng d | ||
| 020 |
_a0333304284 _c354.00 |
||
| 024 | _a11,631 | ||
| 037 | _cTextual | ||
| 040 |
_aEASL _cEASL _beng |
||
| 041 |
_2eng _aeng |
||
| 082 | _aW:19(zM).1.N9, M1 | ||
| 100 | _aCABLE James | ||
| 245 | 0 | _aGunboat diplomacy 1919-1979 | |
| 260 |
_aHong Kong _bMacmillan _c1981 |
||
| 300 |
_a288p. _ccm. |
||
| 490 |
_v Oth _aStudies in international security, 16 |
||
| 650 |
_a World-Politics _9432168 |
||
| 650 |
_aSea-Power-History _9651905 |
||
| 942 |
_hW:19(zM).1.N9, M1 _cTEXL _2CC |
||
| 999 |
_c1079717 _d1079717 |
||